|
|
|
|
| LEADER |
00000cam a2200000 a 4500 |
| 001 |
vtls010534543 |
| 003 |
SK-MaSNL |
| 005 |
20260301174456.0 |
| 008 |
240314s2013 xo a b 000 0 slo |
| 015 |
|
|
|a SNBA2015/07
|
| 020 |
|
|
|a 9788089196449
|q (brož.)
|
| 035 |
|
|
|a F19F9482-DAAE-4989-BB6D-6D45DA28070D
|
| 035 |
|
|
|a urn:nbn:sk:snk-amktko
|
| 035 |
|
|
|a urn:nbn:sk:snk-am0055ub
|
| 040 |
|
|
|a SNK
|b slo
|c SNK
|e AACR2
|
| 041 |
0 |
|
|a slo
|
| 044 |
|
|
|a xo
|c SK
|
| 072 |
|
7 |
|a 271/279
|x Kresťanské cirkvi, sekty, denominácie
|2 konspekt
|
| 072 |
|
7 |
|a 373.2/.3
|x Predškolská a primárna výchova a vzdelávanie
|2 konspekt
|
| 080 |
|
|
|a 2-47
|2 2001
|
| 080 |
|
|
|a 271.2-1/-9
|2 2001
|
| 080 |
|
|
|a (075.2)
|2 2001
|
| 080 |
|
|
|a (076.1)
|2 2001
|
| 100 |
1 |
|
|a Zozuľak, Ján,
|d 1968-
|4 aut
|9 258846
|
| 245 |
1 |
0 |
|a Pracovný zošit z náboženskej výchovy
|b pre 4. ročník základnej školy
|c Ján Zozuľak, Viera Zozuľaková
|
| 250 |
|
|
|a 2. vyd.
|
| 260 |
|
|
|a Prešov
|b NITECH
|c 2013
|
| 300 |
|
|
|a 40 s.
|b ilustr.
|c 30 cm
|
| 500 |
|
|
|a Nad názvom Pravoslávna cirkev na Slovensku
|
| 650 |
0 |
7 |
|a náboženská výchova
|2 SNKPH
|9 67239
|
| 650 |
0 |
7 |
|a učenie pravoslávnej cirkvi
|2 SNKPH
|9 83923
|
| 650 |
0 |
7 |
|a Religious education
|2 SNKPHeng
|9 319854
|
| 650 |
0 |
7 |
|a Orthodox doctrine
|2 SNKPHeng
|9 333003
|
| 655 |
|
7 |
|a učebnice základných škôl
|2 SNKPH
|9 70187
|
| 655 |
|
7 |
|a pracovné zošity
|2 SNKPH
|9 70188
|
| 655 |
|
7 |
|a Textbooks (elementary)
|2 SNKPHeng
|9 276977
|
| 655 |
|
7 |
|a Activity books
|2 SNKPHeng
|9 302885
|
| 700 |
1 |
|
|a Zozuľaková, Viera,
|d 1970-
|4 aut
|9 258845
|
| 919 |
|
|
|a 978-80-89196-44-9
|
| 958 |
|
|
|a NT
|
| 999 |
|
|
|c 839749
|d 841679
|
| 952 |
|
|
|a SNK
|b SNK
|y PREZ
|7 0
|p 17A1160238
|o snkSB 88447
|i snk2015/18779
|8 0
|0 0
|1 0
|4 0
|d 2015-06-17
|f 1
|l 0
|r 2025-05-12 00:00:00
|w 2026-02-24
|
| 952 |
|
|
|a SNK
|b SNK
|y VYP
|7 0
|p 17A1160239
|o snkSB 88447 D1
|i snk2015/18780
|8 0
|0 0
|1 0
|4 0
|d 2015-06-17
|l 0
|r 2026-02-24 04:07:14
|w 2026-02-24
|